<?xml version="1.0" encoding="UTF-8"?>
<record
    xmlns:xsi="http://www.w3.org/2001/XMLSchema-instance"
    xsi:schemaLocation="http://www.loc.gov/MARC21/slim http://www.loc.gov/standards/marcxml/schema/MARC21slim.xsd"
    xmlns="http://www.loc.gov/MARC21/slim">

  <leader>00754nam a2200217   4500</leader>
  <controlfield tag="001"> 86506</controlfield>
  <controlfield tag="003">BD-RjUL</controlfield>
  <controlfield tag="005">20260518142408.0</controlfield>
  <controlfield tag="008">260518s1958    pk ||||| |||| 00| 0 urd d</controlfield>
  <datafield tag="035" ind1=" " ind2=" ">
    <subfield code="a">(BD-RjUL) 86506</subfield>
  </datafield>
  <datafield tag="040" ind1=" " ind2=" ">
    <subfield code="a">BD-RjUL</subfield>
    <subfield code="b">eng</subfield>
    <subfield code="c">BD-RjUL</subfield>
  </datafield>
  <datafield tag="041" ind1=" " ind2=" ">
    <subfield code="a">urd</subfield>
  </datafield>
  <datafield tag="082" ind1=" " ind2=" ">
    <subfield code="2">23</subfield>
    <subfield code="a">320.55</subfield>
    <subfield code="b">KHH 1958</subfield>
  </datafield>
  <datafield tag="100" ind1=" " ind2=" ">
    <subfield code="a">&#x62E;&#x627;&#x646;&#x60C; &#x627;&#x628;&#x648; &#x6CC;&#x62D;&#x6CC;&#x6CC;&#x670; &#x627;&#x645;&#x627;&#x645; ;; Khan, Abu Yahya Imam</subfield>
    <subfield code="9">18516</subfield>
  </datafield>
  <datafield tag="245" ind1=" " ind2=" ">
    <subfield code="a">&#x62D;&#x636;&#x631;&#x62A; &#x639;&#x645;&#x631; &#x6A9;&#x6D2; &#x633;&#x6CC;&#x627;&#x633;&#x6CC; &#x646;&#x638;&#x631;&#x6CC;&#x6D2; ;; hazrat amar ke siyasi nazariye /</subfield>
    <subfield code="c">&#x627;&#x628;&#x648; &#x6CC;&#x62D;&#x6CC;&#x6CC;&#x670; &#x627;&#x645;&#x627;&#x645; &#x62E;&#x627;&#x646; ;; Abu Yahya Imam Khan</subfield>
  </datafield>
  <datafield tag="260" ind1=" " ind2=" ">
    <subfield code="a"> Lahor :</subfield>
    <subfield code="b">Gawsha i adab, </subfield>
    <subfield code="c">1958</subfield>
  </datafield>
  <datafield tag="300" ind1=" " ind2=" ">
    <subfield code="a">240 p. ;</subfield>
    <subfield code="c">17 cm</subfield>
  </datafield>
  <datafield tag="650" ind1=" " ind2=" ">
    <subfield code="a">Political ideology</subfield>
    <subfield code="v"> Islam</subfield>
    <subfield code="9">18517</subfield>
  </datafield>
  <datafield tag="650" ind1=" " ind2=" ">
    <subfield code="a">&#x627;&#x633;&#x644;&#x627;&#x645;&#x6CC; &#x62D;&#x6A9;&#x648;&#x645;&#x62A; &#x648; &#x62E;&#x644;&#x627;&#x641;&#x62A;</subfield>
    <subfield code="9">18518</subfield>
  </datafield>
  <datafield tag="942" ind1=" " ind2=" ">
    <subfield code="2">ddc</subfield>
    <subfield code="c">BK</subfield>
  </datafield>
  <datafield tag="999" ind1=" " ind2=" ">
    <subfield code="c">86506</subfield>
    <subfield code="d">86506</subfield>
  </datafield>
  <datafield tag="952" ind1=" " ind2=" ">
    <subfield code="0">0</subfield>
    <subfield code="1">0</subfield>
    <subfield code="2">ddc</subfield>
    <subfield code="4">0</subfield>
    <subfield code="7">1</subfield>
    <subfield code="8">NFIC</subfield>
    <subfield code="a">RUCL</subfield>
    <subfield code="b">RUCL</subfield>
    <subfield code="c">Reading</subfield>
    <subfield code="d">2026-05-18</subfield>
    <subfield code="l">0</subfield>
    <subfield code="o">U 320.55 KHH 1958</subfield>
    <subfield code="r">2026-05-18 14:23:11</subfield>
    <subfield code="t">C-1</subfield>
    <subfield code="w">2026-05-18</subfield>
    <subfield code="y">BK</subfield>
  </datafield>
</record>
